Statistiques concernant Mon vieux - Daniel Guichard

Cliquez ici pour prendre le quiz!

Statistiques générales

  • Ce quiz a été pris 122 fois
  • Le résultat moyen est 183 sur 256

Statistiques - réponses

Paroles% Correct
vieux
99%
mon
97%
Mon
97%
Il
95%
il
95%
de
93%
Le
93%
le
93%
par
93%
À
92%
à
92%
a
92%
La
92%
la
92%
me
92%
son
91%
Dans
88%
on
87%
On
87%
allait
86%
râpé
86%
les
84%
Les
84%
l'été
84%
L'été
84%
pardessus
84%
pas
84%
l'hiver,
82%
mer
82%
s'en
80%
voir
79%
Avec
78%
avec
78%
matin
78%
c'était
76%
C'était
76%
des
76%
un
76%
ces
75%
Je
75%
je
75%
même
75%
ne
75%
Tu
75%
petit
74%
que
74%
y
74%
Mais
72%
misère
72%
plus
72%
du
71%
quand
71%
dimanche
70%
Papa
70%
peu
70%
Pour
70%
Bon
68%
Dieu
68%
non
68%
frileux
67%
jamais
67%
Nous,
67%
Nous
67%
nous,
67%
paradis
67%
Tout
67%
tout
67%
vois
67%
vois,
67%
Ça
66%
ça,
66%
grand
66%
jours,
66%
jours
66%
n'a
66%
peut
66%
Qu'il
66%
qu'il
66%
soir,
66%
télé
66%
C'est
64%
c'est
64%
était
64%
quinze
64%
ans
63%
assez
63%
cœur
63%
comme
63%
droite,
63%
en
63%
En
63%
gauche,
63%
juste
63%
personne
63%
graine
62%
rentrait
62%
tant
62%
banlieue
61%
boulot
61%
con
61%
gagner
61%
lui,
61%
lui
61%
patron
61%
pis
61%
recevait
61%
rentrant
61%
semaine
61%
Y'avait
61%
y'avait
61%
années
59%
Chez
59%
Dire
59%
dire
59%
moi
59%
toutes
59%
autobus
58%
passait,
58%
paye,
58%
pris,
58%
qu'un
58%
sans
58%
autres
57%
bourgeois,
57%
chercher
57%
dehors
57%
est
57%
j'allais
57%
monotones
57%
mot
57%
pendant
57%
Pendant
57%
étaient
55%
gueuler
55%
j'ai
55%
sais,
55%
genre
54%
l'entendait
54%
passé
54%
silencieux
54%
crois,
53%
loger
53%
s'asseyait
53%
côté
51%
dis
51%
bout
50%
chanson
50%
chemin
50%
choses-là
50%
dimanches
50%
malheureux
50%
regarder
50%
rendait
50%
connaissait
49%
deux
49%
près
49%
yeux
49%
Faire
47%
heures
47%
bien
46%
l'évasion
46%
Maintenant
46%
peine
46%
quelques
46%
soit
46%
d'ici
45%
heureux
45%
J'aimerai
45%
loin
45%
ouais
45%
ouvert
45%
pensant
45%
peut-être
45%
pu,
45%
J'aurai
43%
l'aurait
43%
malin
42%
rendu
42%
Eh
41%

Distribution des résultats

Percentile par nombre de réponses

% des personnes avec chaque résultat

Votre développement - résultats

Vous n’avez pas pris ce quiz